00333nam a2200097Ia 4500008004100000020001500041100002000056245009000076260005000166300001900216180219s9999 xx 000 0 und d a9812471707 aHogan, Mary Ann cMadayag, TomasaReviews and rationales series for nursing :bmedical-surgical nursing aSingaporebPearson education south asiac2004 aiii, 763 pages